| 000 | 00616nam a22002297a 4500 | ||
|---|---|---|---|
| 001 | 00028941 | ||
| 005 | 20260429080447.0 | ||
| 008 | 260429b ag ||||| |||| 00| 0 spa d | ||
| 020 | _a8441308756 | ||
| 040 |
_aAR-CcCEOS _bspa _cAR-CcCEOS |
||
| 041 | _aspa | ||
| 080 | _a942.06:7 | ||
| 090 | _bCOW v.2 | ||
| 100 | 1 |
_aCowley, Robert _91147 |
|
| 245 |
_aLos soberanos de Inglaterra : _bVolumen II / _cRobert Cowley |
||
| 264 |
_aBarcelona : _bFolio, _c1998. |
||
| 300 |
_a176 p. ; _c24x18 cm. |
||
| 490 | _vAtlas culturales del mundo | ||
| 650 | 0 |
_ahistoria _990 |
|
| 655 | 0 |
_aarte _9138 |
|
| 942 |
_2udc _cBK _n0 |
||
| 999 |
_c28994 _d28994 |
||